10 Most Atheist Countries - Statistics

General Stats
  • This quiz has been taken 129 times
  • The average score is 7 of 10
Answer Stats
% of Population Answer % Correct
65% Sweden
89%
51% Norway
88%
61% Denmark
84%
44% Germany
83%
48% France
76%
65% Japan
72%
42% Belgium
67%
49% Estonia
61%
57% Czech Republic
59%
81% Vietnam
42%
No matching quizzes found
Score Distribution
Percent of People with Each Score
Percentile by Number Answered
Your Score History
You have not taken this quiz